| 000 | 00522nam a2200217Ia 4500 | ||
|---|---|---|---|
| 005 | 20250425162504.0 | ||
| 008 | 250425s9999 xx 000 0 und d | ||
| 041 | _aspa | ||
| 082 | _a808.8023 | ||
| 100 | _aPAREJA TINAJERO, ENRIQUE | ||
| 245 | 0 | _aRECUERDOS DE MI BARRIO | |
| 250 | _a2A ED. | ||
| 260 |
_aEcuador _bM.I. MUNICIPALIDAD DE GUAYQUIL _c2010 |
||
| 260 | _aGUAYAQUIL | ||
| 300 | _a140 | ||
| 650 | _aANECDOTAS | ||
| 650 | _aBARRIO LAS PEÑAS | ||
| 650 | _aNARRACION | ||
| 942 | _c01 | ||
| 010 | _a77443 | ||
| 999 |
_c230245 _d230245 |
||